000 00642nam a2200229 i 4500
001 C2-0325616
003 PPAK
005 20180728123628.0
008 140211s2012 at a|||| ||||| | eng d
020 _a9781742025261
040 _aPPAK
_beng
_cPPAK
_erda
082 0 4 _a428.1
_223
090 0 0 _a428.1
_bMAC
_dRK
245 0 0 _aMachine :
_btouch and feel
264 1 _aSydney :
_bThe Book Company Publishing ,
_c2012
300 _a[0] pages :
_bcolour illustrations ;
_c25 cm
336 _2rdacontent
_atext
337 _2rdamedia
_aunmediated
338 _2rdacarrier
_avolume
650 1 0 _aEnglish language - Alphabet
942 _ddc
_cB
999 _c125322
_d125322